000
00276nam a22001217a 4500
008
181126b xxu||||| |||| 00| 0 eng d
041
_a
eng
080
_a
615
100
_a
5
101
_a
FAR
245
_a
Pharmacology Drug Therapy In Nursing
_c
Smith.R
942
_2
udc
_c
BK
999
_c
52478
_d
52478